| 000 | 00510nam a2200193Ia 4500 | ||
|---|---|---|---|
| 003 | GCL | ||
| 008 | 140319s9999 xx 000 0 eng d | ||
| 040 |
_aGCL / _cGCL |
||
| 082 | 0 | 4 |
_aCH _b372.216 _bM M |
| 100 | 1 | _aMONCURE, JANE BELK | |
| 245 | 1 | 0 |
_aMY ONE BOOK / _cMONCURE, JANE BELK |
| 700 | 1 | _aPELIER, PAM | |
| 260 |
_a[S.N] : _bTHE CHILD WORLD, INC ، _c1995 |
||
| 300 | _a32 P | ||
| 650 | 0 | 4 | _aCOUNTING |
| 650 | 0 | 4 | _aNUMBER CONCEPT |
| 650 | 0 | 4 | _aONE (THE NUMBER) JUVENILE LITERATURE |
| 942 |
_2ddc _cBK |
||
| 999 |
_c14340 _d14340 |
||